Investigación de mercados (Registro nro. 2875)

Detalles MARC
000 -LEADER
fixed length control field 01681 a2200253 4500
001 - CONTROL NUMBER
control field 38343
005 - DATE AND TIME OF LATEST TRANSACTION
control field 20260407155647.0
008 - FIXED-LENGTH DATA ELEMENTS--GENERAL INFORMATION
fixed length control field 260407a1989 arg spa d
003 - CONTROL NUMBER IDENTIFIER
control field AR-UNSa-BCEJYS
040 ## - CATALOGING SOURCE
Original cataloging agency AR-UNSa-BCEJYS
Language of cataloging spa
Transcribing agency AR-UNSa-BCEJYS
080 ## - UNIVERSAL DECIMAL CLASSIFICATION NUMBER
Universal Decimal Classification number 658.8.012.12
Common auxiliary subdivision Investigación de mercados
020 ## - INTERNATIONAL STANDARD BOOK NUMBER
International Standard Book Number 968-422-486-9
041 ## - LANGUAGE CODE
Language code of text/sound track or separate title spa
100 1# - MAIN ENTRY--PERSONAL NAME
Personal name Day, George S.
245 10 - TITLE STATEMENT
Title Investigación de mercados
250 ## - EDITION STATEMENT
Edition statement 3a. ed
264 #1 - PRODUCTION, PUBLICATION, DISTRIBUTION, MANUFACTURE, AND COPYRIGHT NOTICE
Place of production, publication, distribution, manufacture México :
Name of producer, publisher, distributor, manufacturer McGraw-Hill
Date of production, publication, distribution, manufacture, or copyright notice 1989
300 ## - PHYSICAL DESCRIPTION
Extent xiv, 715 p.
Dimensions 24 cm.
505 ## - FORMATTED CONTENTS NOTE
Formatted contents note Parte I: El proceso de la investigación de mercados: 1. Persepectiva de la investigación de mercados en la toma de decisiones - 2. El proceso de investigación - 3. Diseño e implementación de la investigación - Parte II: Recolección de datos: 4. Fuentes de datos de mercadotecnia - 5. Recolección de información: métodos cualitativos y de observación - 6. Información proveniente de los entrevistados: Métodos de encuestas - 7. Diseño del cuestionario - 8. Medición de actitudes - 9. Experimentación - 10. Fundamentos de muestreo - 11. Tamaño de la muestra y teoría estadística - Parte III: Análisis de información : 12. Fundamentos del análisis de la información - 13. Pruebas de hipótesis - 14. Introducción de una tercera variable - 15. Presentación de los resultados - Parte IV Temas especiales en análisis de datos: 16. Análisis de factores - 17. Escala multidimensional y análisis de agrupamiento(cluster)<br/>
590 ## - LOCAL NOTE (RLIN)
Local note niveau_biblio:m niveau_hierar:0
700 1# - ADDED ENTRY--PERSONAL NAME
Personal name Aaker, David A.
856 41 - ELECTRONIC LOCATION AND ACCESS
Uniform Resource Identifier <a href="https://biblioeco.unsa.edu.ar/pmb/images/libros/L53103.jpg">https://biblioeco.unsa.edu.ar/pmb/images/libros/L53103.jpg</a>
Link text Imagen de portada
Electronic format type image/jpeg
942 ## - ADDED ENTRY ELEMENTS (KOHA)
Koha item type
Existencias
Withdrawn status Lost status Damaged status Not for loan Home library Current library Shelving location Date acquired Total checkouts Full call number Barcode Date last seen Price effective from Koha item type
        Biblioteca Prof. Eusebio Cleto del Rey Biblioteca Prof. Eusebio Cleto del Rey   07/04/2026   658.8.012.12 A111 2ed. L69702 07/04/2026 07/04/2026 Libro
        Biblioteca Prof. Eusebio Cleto del Rey Biblioteca Prof. Eusebio Cleto del Rey   07/04/2026   658.8.012.12 A111 2ed. L69703 07/04/2026 07/04/2026 Libro
        Biblioteca Prof. Eusebio Cleto del Rey Biblioteca Prof. Eusebio Cleto del Rey   07/04/2026   658.8.012.12 A111 2ed. L69701 07/04/2026 07/04/2026 Libro
        Biblioteca Prof. Eusebio Cleto del Rey Biblioteca Prof. Eusebio Cleto del Rey   07/04/2026   658.8.012.12 A111 2ed. L53103 07/04/2026 07/04/2026 Libro